Catálogo

Vista normal Vista MARC

Entrada Personal Name

Número de registros utilizados en: 1

001 - CONTROL NUMBER

  • control field: 11377

003 - CONTROL NUMBER IDENTIFIER

  • control field: DLC

005 - DATE AND TIME OF LATEST TRANSACTION

  • control field: 20210108162005.0

008 - FIXED-LENGTH DATA ELEMENTS

  • fixed length control field: 100422n| acannaabn |n aaa

010 ## - LIBRARY OF CONGRESS CONTROL NUMBER

  • LC control number: n 2010024711

040 ## - CATALOGING SOURCE

  • Original cataloging agency: DLC
  • Language of cataloging: eng
  • Transcribing agency: DLC
  • Modifying agency: Mx-PuUPA

100 1# - HEADING--PERSONAL NAME

  • Personal name: Quintanilla, Kelly M.,

375 ## - GENDER

  • Gender: mujer

670 ## - SOURCE DATA FOUND

  • Source citation: Quintanilla, Kelly M. Business and professional communication, c2011:
  • Information found: ECIP t.p. (Kelly M. Quintanilla, Texas A & M Univ.)